000 00685nam a2200229Ia 4500
003 GCL
008 140319s9999 xx 000 0 eng d
040 _aGCL /
_cGCL
082 0 4 _a387.7
_bK Y
100 1 _aFEDERAL AVIATION ADMINISTRATION
245 1 0 _aYOUR CAREER IN AVIATION: THE SKY'S THE LIMIT /
_cFEDERAL AVIATION ADMINISTRATION
260 _a[S.N] :
_bFEDRAL AVIATION ADMINISTRATION ،
_c1996
300 _a24 CM ؛
_c12 P
490 _aAVIATION CAREERS SERIES
_v0
650 0 4 _aAVIATION
650 0 4 _aEDUCATION
650 0 4 _aAVIATION - EDUCATION
650 0 4 _aAVIATION - UNITED STATES
650 0 4 _aFLIGHT ENGINEERS
650 0 4 _aWOMEN - AVIATION
942 _2ddc
_cBK
999 _c15619
_d15619